[Event "Werther Schloss op 20th"]
[Site "Werther"]
[Date "2014.04.12"]
[Round "4"]
[White "Meijers, Viesturs"]
[Black "Scheck, Kyrill"]
[Result "1-0"]
[WhiteElo "2470"]
[BlackElo "2102"]
[PlyCount "111"]
[EventDate "2014.04.10"]
[EventType "swiss"]
[EventRounds "7"]
[EventCountry "GER"]
[SourceTitle "CBM 159 Extra"]
[Source "ChessBase"]
[SourceDate "2014.04.24"]
[SourceVersion "1"]
[SourceVersionDate "2014.04.24"]
[SourceQuality "1"]

1. c4 e5 2. b3 g6 3. Bb2 Bg7 4. g3 c5 5. Bg2 Nc6 6. Nc3 Nge7 7. e3 0-0 8. Nge2 d6 9. a3 Rb8 10. 0-0 a6 11. Nd5 b5 12. Bc3 Nxd5 13. cxd5 Ne7 14. f4 f6 15. e4 a5 16. b4 axb4 17. axb4 c4 18. h3 Qb6+ 19. Kh2 Bd7 20. d4 cxd3 21. Qxd3 Ra8 22. Ra5 Qb7 23. Rfa1 Rfb8 24. fxe5 fxe5 25. Bd2 Nc8 26. Nc3 Rxa5 27. bxa5 b4 28. Na2 b3 29. Nb4 b2 30. Rb1 Ra8 31. Nc6 Bxc6 32. dxc6 Qxc6 33. Rxb2 Bf6 34. Bf1 Kg7 35. Qc4 Qd7 36. a6 Ra7 37. Be3 Rc7 38. Qxc7 Qxc7 39. Rb7 Bd8 40. Rxc7+ Bxc7 41. a7 Nxa7 42. Bxa7 Kf6 43. Bc4 Ba5 44. Be3 g5 45. Kg2 h6 46. Kf3 Kg6 47. Ke2 Kf6 48. Bd2 Bb6 49. Bb4 Ke7 50. Kf3 Bc7 51. Kg4 Kf6 52. Kh5 Kg7 53. Bd5 Bb8 54. h4 gxh4 55. gxh4 Bc7 56. Bd2 1-0

[Event "Werther Schloss op 20th"]
[Site "Werther"]
[Date "2014.04.11"]
[Round "3"]
[White "Scheck, Kyrill"]
[Black "Hess, Christian"]
[Result "1/2-1/2"]
[WhiteElo "2102"]
[BlackElo "2240"]
[PlyCount "155"]
[EventDate "2014.04.10"]
[EventType "swiss"]
[EventRounds "7"]
[EventCountry "GER"]
[SourceTitle "CBM 159 Extra"]
[Source "ChessBase"]
[SourceDate "2014.04.24"]
[SourceVersion "1"]
[SourceVersionDate "2014.04.24"]
[SourceQuality "1"]

1. e4 e6 2. d4 d5 3. Nd2 c5 4. exd5 exd5 5. Ngf3 Nc6 6. dxc5 Bxc5 7. Nb3 Bb6 8. h3 Nf6 9. Nbd4 Qe7+ 10. Be2 0-0 11. c3 Re8 12. Be3 Ne4 13. 0-0 Be6 14. Bd3 Rad8 15. Nxe6 fxe6 16. Bxb6 axb6 17. Bxe4 dxe4 18. Nd2 Ne5 19. Qe2 Nd3 20. Nxe4 Qh4 21. Rab1 Nf4 22. Qg4 Qxg4 23. hxg4 Rd5 24. g3 Nd3 25. Kg2 Nc5 26. Rfe1 Rf8 27. c4 Rd4 28. Nxc5 bxc5 29. Rbd1 Rxc4 30. Re2 Rxg4 31. Rd7 Rb4 32. Re7 Rf6 33. a3 Rd4 34. Rxb7 h5 35. Rc7 Rd5 36. Rc2 Rff5 37. a4 Rd4 38. a5 Ra4 39. R7xc5 Rxa5 40. b4 Rb5 41. Rxf5 exf5 42. Rc4 g5 43. Kf3 Kf7 44. Ke3 Ke6 45. Kd3 Rd5+ 46. Ke3 Re5+ 47. Kd3 Rd5+ 48. Kc3 Rd1 49. Rc6+ Kd5 50. Rg6 Rf1 51. Rxg5 Rxf2 52. b5 Kc5 53. Kd3 Kxb5 54. Ke3 Rf1 55. Rxh5 Kc6 56. Ke2 Ra1 57. Kf3 Kd6 58. Rxf5 Ke6 59. Kg4 Ra8 60. Kf4 Rg8 61. g4 Rg7 62. Ra5 Rg8 63. g5 Kf7 64. Kf5 Rb8 65. Kg4 Kg6 66. Ra6+ Kg7 67. Rc6 Ra8 68. Rh6 Ra1 69. Rf6 Rb1 70. Rf4 Ra1 71. Re4 Kg6 72. Re6+ Kg7 73. Re4 Kg6 74. Kf4 Rf1+ 75. Kg4 Rg1+ 76. Kf4 Rf1+ 77. Kg3 Kxg5 78. Re5+ 1/2-1/2

[Event "Paderborn op 08th"]
[Site "Paderborn"]
[Date "2011.12.27"]
[Round "1"]
[White "Rotstein, Arkadij"]
[Black "Scheck, Kyrill"]
[Result "1-0"]
[WhiteElo "2502"]
[BlackElo "2033"]
[PlyCount "83"]
[EventDate "2011.12.27"]
[EventType "swiss"]
[EventRounds "7"]
[EventCountry "GER"]
[SourceTitle "CBM 146 Extra"]
[Source "ChessBase"]
[SourceDate "2012.02.29"]
[SourceVersion "1"]
[SourceVersionDate "2012.02.29"]
[SourceQuality "1"]

1. e4 d5 2. exd5 Qxd5 3. Nc3 Qa5 4. Nf3 Nf6 5. Bc4 c6 6. d4 Bf5 7. Ne5 e6 8. Bd2 Nbd7 9. Nd5 Qd8 10. Nxf6+ Nxf6 11. c3 Nd7 12. Ng4 Bd6 13. Ne3 Bg6 14. h4 b5 15. h5 Be4 16. Bb3 0-0 17. h6 g6 18. Qe2 Nb6 19. 0-0 Qh4 20. Ng4 Bd3 21. Qxd3 Qxg4 22. Rae1 Nd5 23. Re4 Qh5 24. g3 g5 25. Kg2 Kh8 26. Bc2 Qg6 27. Qe2 Rae8 28. Re1 Nf6 29. Rf4 Qxc2 30. Rxf6 Qxb2 31. Bxg5 Qxe2 32. Rxe2 Be7 33. Re5 Rg8 34. f4 Rxg5 35. fxg5 Bxf6 36. gxf6 Rg8 37. Rc5 Rc8 38. Kf3 a5 39. Kf4 Kg8 40. Ke5 Rd8 41. Rxc6 Rd5+ 42. Ke4 1-0